Statistics for Art Movements of the 19-21st century

Click here to take the quiz!

General Stats

  • This quiz has been taken 14 times
  • The average score is 11 of 20

Answer Stats

HintAnswer% Correct
Paintings with choppy brushwork and thick dabs of paint which lack clear details, giving the painting an overall soft and whimsical look. Considered the beginning of modern art.Impressionism
100%
Two dimensional paintings featuring strong geometric shapes.Cubism
92%
Distorted or exaggerated scenes done with raw brush strokes which depict an overall feeling of alienation and anguish.Expressionism
92%
Paintings which featured the everyday lives of the working class rather than glamorous, mythical scenes.Realism
92%
Uses dark and irreverent humor to make a statement against art.Dada Art
85%
Art based on pop culture and the mass media which featured iconic items such as soup cans.Pop Art
85%
Featured unnerving and illogical scenes, inspired by the subconscious mind.Surrealism
85%
Features splotches and patches of shockingly bright colors in simplified scenes.Fauvism
77%
Movement centered around strong emotional scenes and featuring visible brush strokes. Commonly associated with the Enlightenment.Romanticism
69%
This movement also refers to architecture or decor, with an emphasis on artistic touches added to everyday items.Art Deco
62%
Featuring repetition, blurring, and lines of force, this movement sought to depict modern technology and its juxtaposition to nature.Futurism
62%
Genre of art which seeks to reproduce an image as accurately as possible.Photorealism
46%
Gained huge popularity in France and was called "The semiofficial voice of the French Revolution."Neoclassicism
38%
Ditched the fuzziness of its predecessor and put a strong emphasis on form and featured strong outlines.Post-Impressionism
38%
Explores the nature of human identity; often featuring female muses in quasi-biblical scenes. Gets its name from a "secret art society" founded in 1848.Pre-Raphaelite Art
38%
Uses objects to represent abstract ideas relating to the darker aspects of life, death, and the human condition.Symbolism
38%
Yet another controversial movement; these artist use 3-dimensional objects or spaces to represent an abstract idea.Installation Art
15%
One of the more controversial movements; the spectacle of creating this art was often more important than the final product.Abstract Art
0%
Idealized life, similar to Rococo, but featuring members of the poor, working class rather than aristocrats.Academic Art
0%
Celebrated industrialism with compositions meant to imitate photographs.Precisionism
0%

Score Distribution

Percentile by Number Answered

Percent of People with Each Score

Your Score History

You have not taken this quiz